| 000 | 00970cam a2200301 4500 | ||
|---|---|---|---|
| 001 | 4561329 | ||
| 003 | ARRUPE | ||
| 005 | 20131219163924.0 | ||
| 008 | 740617t19741973nyu b 001 0beng | ||
| 010 | _a 73080842 | ||
| 020 | _a0812816072 | ||
| 040 |
_aDLC _cDLC _dDLC |
||
| 043 | _ae-uk--- | ||
| 050 | 0 | 0 |
_aDA814.A5 _bF63 1974 |
| 082 | 0 | 0 |
_a941.07/092/4 _aB |
| 100 | 1 |
_aForster, Margaret, _d1938- _96096 |
|
| 245 | 1 | 4 |
_aThe rash adventurer; _bthe rise and fall of Charles Edward Stuart. |
| 260 |
_aNew York, _bStein and Day _c[1974, c1973] |
||
| 300 |
_a331 p. _c25 cm. |
||
| 350 | _a$12.50 | ||
| 504 | _aBibliography: p. [311]-324. | ||
| 600 | 0 | 0 |
_aCharles Edward, _cPrince, grandson of James II, King of England, _d1720-1788. _96097 |
| 650 | 0 |
_aPrinces _zGreat Britain _xBiography. _96098 |
|
| 650 | 0 |
_aJacobites. _96099 |
|
| 651 | 0 |
_aScotland _xHistory _y18th century. _96100 |
|
| 906 |
_a7 _bcbc _corignew _d2 _eopcn _f19 _gy-gencatlg |
||
| 942 |
_2lcc _cMONOGRAPH |
||
| 999 |
_c119394 _d119394 |
||